000 00860nam a2200241Ia 4500
003 OSt
005 20220923222309.0
006 a|||||r|||| 00| 0
007 ta
008 220922b |||||||| |||| 00| 0 mar d
024 _a204,363
037 _cTextual
040 _aARTS
_cARTS
_bmar
041 _2mar
_amar
082 _aO155,3N36,BH, 152M3
100 _aभेण्डे, सुभाष; भ्रातम्बेकर, प्रकाश, अनु.
_9166661
245 0 _aभिक्षणी
246 _aBhikṣhaṇī
260 _aदिल्ली
_b प्रकाशन संस्थान
_c1983
300 _a120पृ0
_ccm.
942 _hO155,3N36,BH, 152M3
_cTEXL
_2CC
999 _c355112
_d355112